000 00360nam a22001577a 4500
003 MPLRDC
005 20220104143227.0
008 210129b ||||| |||| 00| 0 eng d
082 _a528.956 TPSJ
100 _a不详
245 _a乒乓球练习法
_c
260 _a
_b香港太平书局
_c1971
300 _b
650 _a
942 _cBK
_o528.956 TPSJ
999 _c37844
_d37834